[Event "EU-ch U14"]
[Site "Prague"]
[Date "2012.08.24"]
[Round "8"]
[White "Melnikov, Egor"]
[Black "Kudelya, Igor"]
[Result "1-0"]
[WhiteElo "2033"]
[BlackElo "2120"]
[PlyCount "75"]
[EventDate "2012.08.17"]
[EventType "swiss"]
[EventRounds "9"]
[EventCountry "CZE"]
[SourceTitle "CBM 150 Extra"]
[Source "ChessBase"]
[SourceDate "2012.10.19"]
[SourceVersion "1"]
[SourceVersionDate "2012.10.19"]
[SourceQuality "1"]

1. e4 c5 2. Nf3 Nc6 3. Nc3 e6 4. d4 cxd4 5. Nxd4 Qc7 6. Be3 a6 7. Qd2 Nf6 8. f3 Ne5 9. 0-0-0 b5 10. Kb1 Bb7 11. Nb3 Rc8 12. Bf4 d6 13. Be2 Be7 14. g4 Nfd7 15. a3 Rg8 16. h4 Nc6 17. Be3 b4 18. axb4 Nxb4 19. g5 Ne5 20. f4 Nd7 21. h5 d5 22. exd5 Nxd5 23. Nxd5 Bxd5 24. Bxa6 Ra8 25. Bb5 Kf8 26. Rhf1 Nb6 27. Bxb6 Qxb6 28. Qd3 f5 29. Bc4 Bxc4 30. Qxc4 Kf7 31. Rfe1 Rgc8 32. g6+ hxg6 33. hxg6+ Kf6 34. Qe2 Kxg6 35. Rg1+ Kf7 36. Qh5+ Kg8 37. Qg6 Bf8 38. Rd7 1-0

[Event "EU-ch U14"]
[Site "Prague"]
[Date "2012.08.19"]
[Round "3"]
[White "Kiss, Balint"]
[Black "Melnikov, Egor"]
[Result "1/2-1/2"]
[WhiteElo "1840"]
[BlackElo "2033"]
[PlyCount "92"]
[EventDate "2012.08.17"]
[EventType "swiss"]
[EventRounds "9"]
[EventCountry "CZE"]
[SourceTitle "CBM 150 Extra"]
[Source "ChessBase"]
[SourceDate "2012.10.19"]
[SourceVersion "1"]
[SourceVersionDate "2012.10.19"]
[SourceQuality "1"]

1. e4 c5 2. Nf3 Nc6 3. d4 cxd4 4. Nxd4 g6 5. c4 Bg7 6. Be3 Nf6 7. Nc3 d6 8. Be2 0-0 9. 0-0 Bd7 10. Qd2 Nxd4 11. Bxd4 Bc6 12. Bd3 a5 13. Rfe1 Nd7 14. Bxg7 Kxg7 15. Re3 Nc5 16. Rh3 h5 17. Nd5 Bxd5 18. exd5 e5 19. dxe6 Nxe6 20. Qc3+ Qf6 21. Qxf6+ Kxf6 22. Be4 Nc5 23. Rf3+ Kg7 24. Re3 Rfe8 25. Rae1 Kf8 26. Kf1 Re7 27. Bd5 Rae8 28. Rxe7 Rxe7 29. Rxe7 Kxe7 30. Ke2 Na4 31. b3 Nc3+ 32. Kd2 Nxa2 33. Bxb7 g5 34. g3 f5 35. h4 gxh4 36. gxh4 Kf6 37. Bf3 Kg6 38. Ke3 Nc1 39. Bd1 Na2 40. Kd4 Nb4 41. Be2 Na2 42. c5 dxc5+ 43. Kxc5 Nc3 44. Bf3 Ne4+ 45. Kb5 Nxf2 46. Kxa5 Ne4 1/2-1/2

[Event "Moscow op-A"]
[Site "Moscow"]
[Date "2012.01.29"]
[Round "2"]
[White "Dubov, Daniil"]
[Black "Melnikov, Egor"]
[Result "1-0"]
[WhiteElo "2137"]
[BlackElo "2031"]
[PlyCount "69"]
[EventDate "2012.01.28"]
[EventType "swiss"]
[EventRounds "9"]
[EventCountry "RUS"]
[SourceTitle "CBM 146 Extra"]
[Source "ChessBase"]
[SourceDate "2012.02.29"]
[SourceVersion "1"]
[SourceVersionDate "2012.02.29"]
[SourceQuality "1"]

1. d4 d5 2. c4 e6 3. Nc3 Nf6 4. cxd5 exd5 5. Bg5 Nbd7 6. e3 c6 7. Bd3 Be7 8. Qc2 0-0 9. Nge2 Re8 10. 0-0 b6 11. Rad1 Bb7 12. Ng3 Nf8 13. Nf5 Ng6 14. Nxe7+ Qxe7 15. e4 h6 16. Bxf6 Qxf6 17. e5 Qg5 18. g3 Nf8 19. f4 Qd8 20. Qf2 a6 21. Be2 f5 22. Bf3 Qe7 23. Rd2 Qf7 24. Nd1 Ng6 25. Bh5 Rf8 26. Ne3 Qe6 27. g4 Ne7 28. Qg3 fxg4 29. Bxg4 Qf7 30. Rg2 Bc8 31. f5 Kh8 32. f6 Bxg4 33. fxe7 Qxe7 34. Rxf8+ Rxf8 35. Qxg4 1-0

[Event "Moscow-ch sf"]
[Site "Moscow"]
[Date "2011.03.13"]
[Round "1"]
[White "Morozov, Grigory"]
[Black "Melnikov, Egor"]
[Result "1-0"]
[WhiteElo "2335"]
[BlackElo "1980"]
[PlyCount "117"]
[EventDate "2011.03.13"]
[EventType "swiss"]
[EventRounds "9"]
[EventCountry "RUS"]
[SourceTitle "CBM 141 Extra"]
[Source "ChessBase"]
[SourceDate "2011.05.03"]
[SourceVersion "1"]
[SourceVersionDate "2011.05.03"]
[SourceQuality "1"]

1. d4 c5 2. d5 d6 3. e4 Nf6 4. Nc3 g6 5. Be2 Bg7 6. Nf3 0-0 7. 0-0 e6 8. dxe6 Bxe6 9. Bg5 Nc6 10. Qd2 Qb6 11. Rab1 Nd4 12. Rfd1 Nxe2+ 13. Qxe2 Rad8 14. Qd2 Rd7 15. Re1 Ng4 16. Nd5 Bxd5 17. exd5 Ne5 18. Nxe5 dxe5 19. c4 f5 20. f3 Qd6 21. a3 f4 22. Bh4 h6 23. Bf2 g5 24. b4 cxb4 25. axb4 Rc8 26. Qe2 Qa6 27. Rec1 Rxd5 28. b5 Qa3 29. Ra1 Qd3 30. Qxd3 Rxd3 31. Rxa7 Rd7 32. Kf1 Kf7 33. c5 Ke6 34. Ke2 Bf8 35. c6 bxc6 36. Rxc6+ Rxc6 37. bxc6 Rxa7 38. Bxa7 Kd6 39. Bc5+ Kxc6 40. Bxf8 h5 41. h3 Kd5 42. Kd3 g4 43. Bg7 g3 44. Bh8 h4 45. Bg7 Kd6 46. Ke4 Kc5 47. Bxe5 Kc4 48. Bxf4 Kc3 49. Bg5 Kc2 50. Bxh4 Kd2 51. Bxg3 Ke2 52. f4 Kf1 53. f5 Kxg2 54. f6 Kxg3 55. f7 Kxh3 56. f8Q Kg4 57. Qg7+ Kh3 58. Kf3 Kh2 59. Qg2# 1-0

[Event "Moscow-ch U18"]
[Site "Moscow"]
[Date "2010.11.28"]
[Round "4"]
[White "Melnikov, Egor"]
[Black "Surikov, Roman"]
[Result "0-1"]
[WhiteElo "1978"]
[BlackElo "2063"]
[PlyCount "180"]
[EventDate "2010.11.21"]
[EventType "swiss"]
[EventRounds "9"]
[EventCountry "RUS"]
[SourceTitle "EXT 2012"]
[Source "ChessBase"]
[SourceDate "2011.11.24"]
[SourceVersion "1"]
[SourceVersionDate "2011.11.24"]
[SourceQuality "1"]

1. e4 c6 2. d4 d5 3. e5 Bf5 4. Be3 e6 5. Nd2 Nd7 6. c3 Ne7 7. f4 Bg6 8. Ngf3 Nf5 9. Bf2 h5 10. g3 c5 11. Be2 Qb6 12. 0-0 Rc8 13. Qa4 a6 14. c4 Qc6 15. Qxc6 Rxc6 16. cxd5 exd5 17. Rac1 c4 18. h3 Nh6 19. Nh4 Bb4 20. Nxg6 Rxg6 21. Nb1 Nf5 22. Kh2 b5 23. Bd3 cxd3 24. Rc8+ Ke7 25. Rxh8 Rc6 26. g4 Nh6 27. Bh4+ f6 28. exf6+ Kf7 29. a3 Rc2+ 30. Kg3 Ba5 31. b4 Bc7 32. Re1 Ng8 33. Rd1 Ngxf6 34. Rxd3 Ne4+ 35. Kf3 Rh2 36. Rxh5 Rxh3+ 37. Ke2 Rh2+ 38. Kd1 Rh1+ 39. Kc2 Rh2+ 40. Kb3 Nb6 41. Be1 Re2 42. Bc3 Na4 43. Ba1 Ke6 44. f5+ Kf6 45. Rh8 Re1 46. Nd2 Nxd2+ 47. Rxd2 Rxa1 48. Rc2 Bf4 49. Rd8 Kg5 50. Rxd5 Kxg4 51. Rd7 Kxf5 52. Rxg7 Ke4 53. Rg4 Kf3 54. Rgg2 Be3 55. d5 Rd1 56. Rh2 Rd3+ 57. Ka2 Nc3+ 58. Kb2 Nxd5 59. Rc6 Kg3 60. Rhc2 Bd4+ 61. Kc1 Rxa3 62. Rd6 Be3+ 63. Kd1 Rd3+ 64. Ke1 Kf3 65. Rxa6 Nxb4 66. Rf6+ Ke4 67. Rb2 Rd4 68. Re6+ Kf4 69. Re2 Nd3+ 70. Kf1 Re4 71. Rf6+ Ke5 72. Rf8 Rf4+ 73. Rxf4 Kxf4 74. Rh2 b4 75. Ke2 Ke4 76. Rh4+ Nf4+ 77. Kd1 Kd3 78. Rh7 Nd5 79. Rd7 Kc4 80. Kc2 Bd4 81. Rd8 b3+ 82. Kc1 Nc3 83. Kb2 Nb5+ 84. Kb1 Na3+ 85. Kc1 b2+ 86. Kd2 Bc3+ 87. Ke2 b1Q 88. Rc8+ Kd4 89. Rd8+ Ke4 90. Re8+ Be5 0-1

[Event "Moscow-ch U18"]
[Site "Moscow"]
[Date "2010.11.22"]
[Round "2"]
[White "Melnikov, Egor"]
[Black "Golubov, Saveliy"]
[Result "1/2-1/2"]
[WhiteElo "1978"]
[BlackElo "2094"]
[PlyCount "91"]
[EventDate "2010.11.21"]
[EventType "swiss"]
[EventRounds "9"]
[EventCountry "RUS"]
[SourceTitle "EXT 2012"]
[Source "ChessBase"]
[SourceDate "2011.11.24"]
[SourceVersion "1"]
[SourceVersionDate "2011.11.24"]
[SourceQuality "1"]

1. e4 c5 2. Nc3 e6 3. Nf3 a6 4. d4 cxd4 5. Nxd4 b5 6. g3 Bb7 7. Bg2 d6 8. 0-0 Nd7 9. a3 Qc7 10. f4 Ngf6 11. f5 e5 12. Nb3 Qb6+ 13. Kh1 h5 14. h3 a5 15. Qe1 Ba6 16. Be3 Qc7 17. Rf2 Be7 18. Kg1 Rg8 19. Bf3 g6 20. fxg6 Rxg6 21. Rg2 0-0-0 22. a4 d5 23. Nxd5 Nxd5 24. exd5 b4 25. c3 bxc3 26. Rc1 Bb4 27. bxc3 Ba3 28. Ra1 Be7 29. c4 Bb4 30. Qc1 Rdg8 31. Kh2 h4 32. Bg4 f5 33. Bxf5 Rxg3 34. Rc2 Bb7 35. Raa2 e4 36. Bf4 Bd6 37. Bxg3 Rxg3 38. c5 Be5 39. c6 Kd8 40. cxd7 Bxd5 41. Rxc7 Rg7+ 42. Kh1 e3+ 43. Rg2 Bxg2+ 44. Kg1 Bxh3+ 45. Kh1 Bg2+ 46. Kg1 1/2-1/2

[Event "RUS-chT U20"]
[Site "Rybinsk"]
[Date "2010.08.08"]
[Round "7"]
[White "Melnikov, Egor"]
[Black "Kotov, Dmitry"]
[Result "1-0"]
[WhiteElo "1990"]
[BlackElo "2103"]
[PlyCount "75"]
[EventDate "2010.08.02"]
[EventType "team-swiss"]
[EventRounds "9"]
[EventCountry "RUS"]
[SourceTitle "EXT 2011"]
[Source "ChessBase"]
[SourceDate "2010.11.26"]
[SourceVersion "1"]
[SourceVersionDate "2010.11.26"]
[SourceQuality "1"]

1. e4 c5 2. Nf3 Nc6 3. Nc3 d6 4. d4 cxd4 5. Nxd4 e5 6. Nf5 Bxf5 7. exf5 Nf6 8. g4 Be7 9. Bg2 0-0 10. Be3 Qd7 11. Rg1 Kh8 12. g5 Ne8 13. Be4 g6 14. f6 Nxf6 15. gxf6 Bxf6 16. Qd2 Bg7 17. 0-0-0 Nd4 18. Ne2 Nxe2+ 19. Qxe2 Qa4 20. Bd5 Rac8 21. Bb3 Qc6 22. Qd2 Qb5 23. Qxd6 Rc6 24. Qd5 Qb4 25. Kb1 Rfc8 26. h4 e4 27. Bd4 f6 28. h5 Rd6 29. Qxe4 a5 30. c3 Qb5 31. hxg6 a4 32. Bc2 a3 33. b3 Re8 34. Qf4 Rde6 35. Rh1 Qc6 36. gxh7 Re2 37. Rhg1 R8e7 38. Qxf6 1-0

[Event "RUS-chT U20"]
[Site "Rybinsk"]
[Date "2010.08.07"]
[Round "6"]
[White "Sergienko, Anton"]
[Black "Melnikov, Egor"]
[Result "1-0"]
[WhiteElo "1953"]
[BlackElo "1990"]
[PlyCount "87"]
[EventDate "2010.08.02"]
[EventType "team-swiss"]
[EventRounds "9"]
[EventCountry "RUS"]
[SourceTitle "EXT 2011"]
[Source "ChessBase"]
[SourceDate "2010.11.26"]
[SourceVersion "1"]
[SourceVersionDate "2010.11.26"]
[SourceQuality "1"]

1. d4 c5 2. e3 Nf6 3. c4 cxd4 4. exd4 d5 5. Nc3 Nc6 6. c5 g6 7. Nf3 Bg7 8. Be2 0-0 9. 0-0 Ne4 10. Bf4 Nxc3 11. bxc3 Re8 12. Bb5 Bg4 13. Re1 Qa5 14. Bxc6 bxc6 15. h3 Bf5 16. Re3 h6 17. Qe2 g5 18. Bg3 e6 19. h4 g4 20. Ne5 Bxe5 21. Bxe5 Kh7 22. h5 Re7 23. Qd2 Rb7 24. Re2 Qd8 25. Bf4 Qh4 26. Bxh6 Qxh5 27. Bf4 Kg6 28. f3 gxf3 29. gxf3 Kf6 30. Rg2 Ke7 31. Kf2 Bg6 32. Ke3 Qf5 33. Rg5 Qh3 34. Rag1 Qh7 35. R5g2 Qh5 36. Bg5+ f6 37. Rh2 Qxg5+ 38. Rxg5 fxg5 39. Qg2 Kf6 40. Qg3 Kf7 41. Qxg5 Rb1 42. Qf4+ Kg8 43. Qf6 Rg1 44. Rh8# 1-0

[Event "CFriend AP-2004-Q-00023 email"]
[Site "Chessfriend.com"]
[Date "2004.12.22"]
[Round "1"]
[White "Melnikov, Egor"]
[Black "Mincheva, Milena"]
[Result "0-1"]
[WhiteElo "2110"]
[BlackElo "2270"]
[PlyCount "78"]
[EventDate "2004.??.??"]
[EventType "tourn (corr)"]
[EventRounds "12"]
[SourceTitle "Corr 2024"]
[Source "ChessBase"]
[SourceDate "2023.10.19"]
[SourceVersion "1"]
[SourceVersionDate "2023.10.19"]
[SourceQuality "1"]

1. d4 d5 2. c4 c6 3. Nc3 Nf6 4. e3 a6 5. Nf3 Bf5 6. Be2 e6 7. 0-0 Nbd7 8. Nh4 Bg6 9. Nxg6 hxg6 10. Qc2 b5 11. b3 Bd6 12. g3 Rc8 13. c5 Bb8 14. b4 e5 15. a4 Qe7 16. dxe5 Nxe5 17. axb5 axb5 18. Ra8 Qd7 19. f4 Neg4 20. h4 0-0 21. Bf3 Rfe8 22. Re1 Nh6 23. Ra6 Rcd8 24. Bb2 Re7 25. Raa1 Nf5 26. e4 Nd4 27. Qd3 Nxf3+ 28. Qxf3 dxe4 29. Nxe4 Nxe4 30. Rxe4 Rxe4 31. Qxe4 Qd2 32. Be5 Bxe5 33. Qxe5 Qxb4 34. Rf1 Kh7 35. h5 Qd4+ 36. Qxd4 Rxd4 37. hxg6+ Kxg6 38. Rc1 Rc4 39. Rb1 Rxc5 0-1